000
00226nam a2200109Ia 4500
100
_a
#N/A
942
_c
BK
654
_a
pspice
245
_a
PSpice Using OrCAD for Circuits & Electronics
260
_b
#N/A
546
_a
ENGLISH
999
_c
29180
_d
29180